Normal view
MARC view
Entry Personal Name
001 - CONTROL NUMBER
- control field: 1214640
003 - CONTROL NUMBER IDENTIFIER
- control field: OSt
005 - DATE AND TIME OF LATEST TRANSACTION
- control field: 20260324143151.0
008 - FIXED-LENGTH DATA ELEMENTS
- fixed length control field: 260324|| aca||aabn | a|a d
040 ## - CATALOGING SOURCE
- Original cataloging agency: OSt
- Transcribing agency: OSt
100 ## - HEADING--PERSONAL NAME
- Personal name: H. Amirahmadi; N. Entessar
670 ## - SOURCE DATA FOUND
- Source citation: Work cat.: (OSt)1819715: H. Amirahmadi; N. Entessar, Reconstruction and Regional Diplomacy in the Persian Gulf
